000 00619nam a22001577a 4500
008 160414b xxu||||| |||| 00| 0 eng d
082 _22007
_aUT 0150
_bSo67
100 _95559
_aSoquita, Mary Grace S.
245 _aMoral and spiritual values and practices of the University of Mindanao Digos Branch Students/
_cMary Grace S. Soquita, Louela A. Umalay and Daniel R. Ocong.
260 _aDigos City:
_bUMDC
_cMarch 2007.
300 _a42 pages;
_c28 cm.
650 0 _95561
_aLiberal Arts
_vEnglish Language
_xUndergraduate thesis.
700 _95563
_aUmalay, Louela A.
700 _95564
_aOcong, Daniel R.
942 _2ddc
_cUT
999 _c1753
_d1753